000 00489nam a2200193 a 4500
001 1767414370944
003 YourLibrary
005 20260103103038.0
008 260103s1999##################000#0#eng##
020 _a1890206237
082 0 4 _a297.4092
_bANS
100 1 _aAnsari, Ali,
_eauthor.
245 1 0 _aSufism and Beyond :
260 _bMapin Publishing Pvt,
_c1999.
300 _a156 pages
650 0 _aPhilosophy.
942 _cENGLISH
040 _aYourLibrary
_beng
_cYourLibrary
999 _c606878
_d606878